000
00316nam a22001337a 4500
008
171201b xxu||||| |||| 00| 0 eng d
020
_a
0906127688
041
_a
eng
080
_a
37
100
_a
46
101
_a
EDU
245
_a
CHARACTER BUILDING A GUIDE FOR PARENTS AND TEACHERS
_c
ISAACS,D
942
_2
udc
_c
BK
999
_c
38665
_d
38665